| 000 | 01294cam a22002295a 4500 | ||
|---|---|---|---|
| 001 | L149131 | ||
| 008 | 100115s2009 xxk 000 0 eng d | ||
| 035 | _a(Sirsi) u149131 | ||
| 041 | 0 | _aeng | |
| 100 | 1 | _aDixon, Tim | |
| 245 | 0 | 0 |
_aIs there a demand for sustainable offices? _b an analysis of UK business occupier moves (2006-2008) |
| 260 | _c2009 | ||
| 490 | 0 |
_aJournal of Property Research _v26(1) March 2009, 61-85(25) |
|
| 520 | _aSustainable or green commercial buildings are seen as a growth sector in the property investment market. But how far has this market actually developed in the UK and overseas? A 2008 survey of 50 UK corporate (private sector) occupiers taking leased and owner-occupied office space suggested that although there is an emerging and increasing demand for sustainable office in the UK, other factors such as location and availability of stock remain more important than sustainability in determining occupiers' final choice of office. Figures.Tables. Notes. References. Appendix: overall summary of office buildings in sample. | ||
| 590 | _aKA | ||
| 651 | 4 |
_aUnited Kingdom _y |
|
| 690 | _aPROPERTY-COMMERCIAL PROPERTY-OFFICE PROPERTY-OFFICES | ||
| 700 | 1 | _aEnnis-Reynolds, Gina | |
| 700 | 1 | _aRoberts, Claire | |
| 700 | 1 | _aSims, Sally | |
| 942 | _n0 | ||
| 999 |
_c82068 _d82068 |
||